Những quy định pháp luật về bảo vệ và phát triển rừng

সংরক্ষণ করুন:
গ্রন্থ-পঞ্জীর বিবরন
বিন্যাস: গ্রন্থ
ভাষা:Undetermined
প্রকাশিত: H. CTQG 2003
বিষয়গুলি:
ট্যাগগুলো: ট্যাগ যুক্ত করুন
কোনো ট্যাগ নেই, প্রথমজন হিসাবে ট্যাগ করুন!
Thư viện lưu trữ: Trung tâm Học liệu Trường Đại học Cần Thơ
LEADER 00473nam a2200169Ia 4500
001 CTU_58731
008 210402s9999 xx 000 0 und d
020 |b 27000 
082 |a 346.59704675 
082 |b Nh556 
245 0 |a Những quy định pháp luật về bảo vệ và phát triển rừng 
260 |a H. 
260 |b CTQG 
260 |c 2003 
650 |a forestry law 
904 |i Minh 
980 |a Trung tâm Học liệu Trường Đại học Cần Thơ